Flags of Island countries on the Indian Ocean - Statistics

General Stats
  • This quiz has been taken 44 times
  • The average score is 11 of 11
Answer Stats
Picture Answer % Correct
Australia
100%
Indonesia
100%
Seychelles
100%
Singapore
100%
Sri Lanka
100%
Bahrain
97%
Comoros
97%
Madagascar
97%
Maldives
97%
Mauritius
95%
Timor-Leste
95%
No matching quizzes found
Score Distribution
Percent of People with Each Score
Percentile by Number Answered
Your Score History
You have not taken this quiz